[Event "FIDE World Youth U16 Chess Olympiad SLOVAKIA 2016"]
[Site "Poprad Tatry SLOVAKIA"]
[Date "2016.07.25"]
[Round "5"]
[Board "2"]
[White "Petkov, Matey"]
[Black "Rogozenco, Teodora"]
[Result "0-1"]
[WhiteElo "2117"]
[BlackElo "2044"]
[PlyCount "98"]
[EventDate "2016.07.22"]
[EventType "team"]
[EventRounds "9"]
[EventCountry "SVK"]
[WhiteTeam "Bulgaria"]
[BlackTeam "Germany 3"]

1. d4 Nf6 2. Nf3 g6 3. c4 Bg7 4. Nc3 O-O 5. Bg5 c5 6. e3 cxd4 7. exd4 d5 8.
Bxf6 Bxf6 9. Nxd5 Bg7 10. Nc3 Bg4 11. Be2 Nc6 12. d5 Bxf3 13. gxf3 Bxc3+ 14.
bxc3 Na5 15. Qd4 Qc7 16. h4 Rac8 17. h5 Nxc4 18. hxg6 fxg6 19. Qh4 Rf7 20. Rd1
Qf4 21. Qh3 Rc7 22. Qg3 Ne5 23. c4 Qxg3 24. fxg3 Nxf3+ 25. Kf2 Nd4+ 26. Ke3
Nxe2 27. Kxe2 Rxc4 28. Rc1 Re4+ 29. Kd3 Ra4 30. Rc7 b6 31. Ke3 Rxa2 32. g4 Ra3+
33. Ke2 Kg7 34. g5 a6 35. Rd7 Rg3 36. Rb1 b5 37. Ra1 Rxg5 38. Rxa6 b4 39. Rb6
Rg4 40. Rbb7 Rgf4 41. Rxe7 Rxe7+ 42. Rxe7+ Rf7 43. Re4 Rb7 44. d6 Kf7 45. Kd2
b3 46. Kc1 b2+ 47. Kb1 Rd7 48. Rd4 Ke6 49. Kxb2 Rxd6 0-1

[Event "FIDE World Youth U16 Chess Olympiad SLOVAKIA 2016"]
[Site "Poprad Tatry SLOVAKIA"]
[Date "2016.07.25"]
[Round "5"]
[Board "3"]
[White "Muetsch, Annmarie"]
[Black "Yordanov, Lachezar"]
[Result "1/2-1/2"]
[WhiteElo "2048"]
[BlackElo "2139"]
[PlyCount "206"]
[EventDate "2016.07.22"]
[EventType "team"]
[EventRounds "9"]
[EventCountry "SVK"]
[WhiteTeam "Germany 3"]
[BlackTeam "Bulgaria"]

1. e4 d6 2. d4 Nf6 3. Nc3 g6 4. f4 Bg7 5. Nf3 c5 6. Bb5+ Bd7 7. Bxd7+ Nfxd7 8.
Be3 O-O 9. O-O cxd4 10. Nxd4 Nc6 11. Qd2 Nxd4 12. Bxd4 Bxd4+ 13. Qxd4 Qb6 14.
Rad1 Rfc8 15. Qxb6 Nxb6 16. Rd3 Rc4 17. f5 f6 18. h4 Na4 19. Nd5 Rxe4 20. fxg6
hxg6 21. Rxf6 Kg7 22. Rf4 Rxf4 23. Nxf4 Rh8 24. Rg3 Rxh4 25. Nxg6 Rd4 26. b3
Nc5 27. Nxe7+ Kf7 28. Nf5 Rd1+ 29. Kh2 Rd2 30. b4 Ne4 31. Rd3 Rxc2 32. Rd4 d5
33. Ne3 Rxa2 34. Rxd5 Ke6 35. Rd4 Nd6 36. Nd5 Ke5 37. Rd1 a5 38. bxa5 Rxa5 39.
Ne3 Ra2 40. Rd5+ Ke6 41. Rd4 b5 42. Rh4 Ra4 43. Rh6+ Kd7 44. Rh7+ Kc6 45. Kg3
b4 46. Rh4 Ra3 47. Rxb4 Rxe3+ 48. Kf4 Re6 49. g4 Kd7 50. g5 Ke7 51. Kg4 Kf7 52.
Rf4+ Kg7 53. Rf6 Re4+ 54. Rf4 Re1 55. Rd4 Nf7 56. Rd5 Kg6 57. Ra5 Re4+ 58. Kf3
Rb4 59. Ra6+ Kxg5 60. Ra5+ Kf6 61. Ra6+ Kf5 62. Ra3 Ne5+ 63. Kg3 Rg4+ 64. Kh3
Rg7 65. Ra5 Rg8 66. Rb5 Ke4 67. Rb4+ Ke3 68. Rb3+ Nd3 69. Ra3 Ke4 70. Ra4+ Kf3
71. Kh2 Nf4 72. Ra3+ Kf2 73. Ra2+ Ke3 74. Ra3+ Nd3 75. Kh3 Ke4 76. Ra4+ Kf3 77.
Kh4 Nc5 78. Ra3+ Kf4 79. Kh3 Ne4 80. Ra4 Rg3+ 81. Kh2 Rb3 82. Ra2 Kf3 83. Rc2
Rb8 84. Ra2 Rb3 85. Rc2 Nc3 86. Kh3 Nd5 87. Kh2 Ne3 88. Ra2 Rb7 89. Ra3 Rb4 90.
Kh3 Re4 91. Ra8 Nf5 92. Ra3+ Kf4 93. Rb3 Ra4 94. Rc3 Ne3 95. Rc8 Ra1 96. Rf8+
Nf5 97. Kg2 Ra2+ 98. Kh3 Ra5 99. Kg2 Re5 100. Kf2 Ke4 101. Ra8 Rd5 102. Ra4+
Rd4 103. Rxd4+ Nxd4 1/2-1/2

[Event "FIDE World Youth U16 Chess Olympiad SLOVAKIA 2016"]
[Site "Poprad Tatry SLOVAKIA"]
[Date "2016.07.25"]
[Round "5"]
[Board "4"]
[White "Salimova, Nurgyul"]
[Black "Leser, Katrin"]
[Result "1-0"]
[WhiteElo "2136"]
[BlackElo "2025"]
[PlyCount "105"]
[EventDate "2016.07.22"]
[EventType "team"]
[EventRounds "9"]
[EventCountry "SVK"]
[WhiteTeam "Bulgaria"]
[BlackTeam "Germany 3"]

1. d4 d5 2. c4 e6 3. Nf3 Nf6 4. g3 Be7 5. Bg2 O-O 6. O-O dxc4 7. Qc2 a6 8. a4
Bd7 9. Qxc4 Bc6 10. Bf4 Bd6 11. Qc1 Bxf4 12. Qxf4 Qd6 13. Qc1 Nbd7 14. Rd1 Qb4
15. Nc3 Nb6 16. Qc2 Nfd5 17. Ng5 g6 18. Nxd5 Bxd5 19. Bxd5 exd5 20. h4 Qe7 21.
b3 Rfe8 22. Re1 c6 23. Qd2 Nc8 24. e4 dxe4 25. Rxe4 Qd7 26. Rxe8+ Qxe8 27. Qf4
Qd7 28. Ne4 Qf5 29. Qxf5 gxf5 30. Nc5 Nd6 31. Re1 Kf8 32. Nd7+ Kg7 33. Nc5 Kf6
34. Re5 Rd8 35. Re3 a5 36. Rf3 b6 37. Nd3 Ne4 38. g4 Rd5 39. Ne5 Rxd4 40. Rxf5+
Ke6 41. Nxc6 Rd1+ 42. Kg2 Nf6 43. f3 Nd5 44. Kg3 f6 45. Rh5 Rd3 46. Rxh7 Kd6
47. Nd8 Ne7 48. h5 Rxb3 49. h6 Rb1 50. Nf7+ Ke6 51. Rg7 Rh1 52. h7 Ng6 53. Nd8+
 1-0

[Event "FIDE World Youth U16 Chess Olympiad SLOVAKIA 2016"]
[Site "Poprad Tatry SLOVAKIA"]
[Date "2016.07.25"]
[Round "5"]
[Board "1"]
[White "Chan, Kris"]
[Black "Stabulnieks, Klavs"]
[Result "1/2-1/2"]
[WhiteElo "2187"]
[BlackElo "2099"]
[PlyCount "83"]
[EventDate "2016.07.22"]
[EventType "team"]
[EventRounds "9"]
[EventCountry "SVK"]
[WhiteTeam "Australia"]
[BlackTeam "Latvia"]

1. d4 Nf6 2. c4 e6 3. Nc3 Bb4 4. e3 c5 5. Nge2 cxd4 6. exd4 d5 7. a3 Be7 8. Nf4
dxc4 9. Bxc4 O-O 10. O-O Nc6 11. Be3 e5 12. Nfe2 Ng4 13. d5 Nxe3 14. fxe3 Na5
15. Ba2 b6 16. Ng3 Nb7 17. Qh5 Bd6 18. Nce4 f6 19. Bb1 g6 20. Qh6 Qe7 21. Bd3
f5 22. Ng5 Bd7 23. b4 a5 24. Rac1 axb4 25. axb4 Rfc8 26. Rxc8+ Bxc8 27. Rc1 Bd7
28. Ne6 e4 29. Bf1 Bxe6 30. dxe6 Bxb4 31. h4 Nd6 32. h5 Qxe6 33. hxg6 Qxg6 34.
Qf4 Bc5 35. Be2 Ra3 36. Nf1 h6 37. Qe5 Ra2 38. Qd5+ Qf7 39. Qd1 Ra3 40. Rxc5
bxc5 41. Qxd6 Rc3 42. Qd2 1/2-1/2

[Event "FIDE World Youth U16 Chess Olympiad SLOVAKIA 2016"]
[Site "Poprad Tatry SLOVAKIA"]
[Date "2016.07.25"]
[Round "5"]
[Board "2"]
[White "Batashevs, Arsens"]
[Black "Bhat, Vishal"]
[Result "1-0"]
[WhiteElo "1994"]
[BlackElo "2107"]
[PlyCount "67"]
[EventDate "2016.07.22"]
[EventType "team"]
[EventRounds "9"]
[EventCountry "SVK"]
[WhiteTeam "Latvia"]
[BlackTeam "Australia"]

1. f4 d5 2. b3 Bg4 3. Bb2 e6 4. g3 Nf6 5. Bg2 c5 6. Nf3 Nc6 7. c4 d4 8. O-O h5
9. h3 Bf5 10. d3 Nh7 11. a3 g5 12. e4 Bg6 13. Qe2 Qe7 14. b4 h4 15. b5 Nb8 16.
Bc1 hxg3 17. fxg5 Bh5 18. h4 Qc7 19. e5 Nd7 20. Bf4 Bg7 21. Nbd2 Nhf8 22. Bxg3
Ng6 23. Qe4 Bxf3 24. Nxf3 Ngxe5 25. Rae1 Nxf3+ 26. Rxf3 Qb6 27. Rf2 e5 28. Qxb7
Rb8 29. Qc6 Qa5 30. Rxf7 Kxf7 31. Qxd7+ Kg6 32. Qe6+ Bf6 33. Qxf6+ Kh7 34. Qf7#
 1-0

[Event "FIDE World Youth U16 Chess Olympiad SLOVAKIA 2016"]
[Site "Poprad Tatry SLOVAKIA"]
[Date "2016.07.25"]
[Round "5"]
[Board "3"]
[White "Cannon, David"]
[Black "Polyakov, Fedor"]
[Result "1-0"]
[WhiteElo "2093"]
[BlackElo "1970"]
[PlyCount "99"]
[EventDate "2016.07.22"]
[EventType "team"]
[EventRounds "9"]
[EventCountry "SVK"]
[WhiteTeam "Australia"]
[BlackTeam "Latvia"]

1. e4 c5 2. c3 e5 3. Nf3 Nc6 4. Bb5 Nge7 5. d4 cxd4 6. cxd4 exd4 7. Nxd4 Qb6 8.
Nxc6 Nxc6 9. Nc3 Bb4 10. Ba4 O-O 11. O-O Bxc3 12. bxc3 Qa5 13. Bb3 b6 14. Bb2
Qe5 15. Qe2 Bb7 16. c4 Nd4 17. Qd3 Nf3+ 18. gxf3 Qxb2 19. Qxd7 Bc8 20. Qd6 Be6
21. Rfd1 Rac8 22. Rac1 Qf6 23. Qg3 h5 24. f4 Rc5 25. f5 Rfc8 26. Qd3 Bxf5 27.
exf5 Rxf5 28. Rf1 Rd8 29. Qh3 Rd4 30. Rc3 Rh4 31. Qe3 Qd6 32. h3 Qg6+ 33. Kh2
Qf6 34. Bc2 Re5 35. Qf3 Qxf3 36. Rxf3 Rxc4 37. Bb3 Rc7 38. Rd1 g6 39. Rd6 Kg7
40. Rdf6 Ree7 41. Kg3 Rcd7 42. Rc6 Re5 43. Rfc3 Ree7 44. f4 Rb7 45. f5 gxf5 46.
Kf4 Rbd7 47. Kxf5 Rd2 48. Rg3+ Kh7 49. Kf6 Ree2 50. Rg7+ 1-0

[Event "FIDE World Youth U16 Chess Olympiad SLOVAKIA 2016"]
[Site "Poprad Tatry SLOVAKIA"]
[Date "2016.07.25"]
[Round "5"]
[Board "4"]
[White "Limanovska, Elizabete"]
[Black "Chan, Luis"]
[Result "0-1"]
[WhiteElo "1929"]
[BlackElo "1953"]
[PlyCount "66"]
[EventDate "2016.07.22"]
[EventType "team"]
[EventRounds "9"]
[EventCountry "SVK"]
[WhiteTeam "Latvia"]
[BlackTeam "Australia"]

1. e4 e6 2. d4 d5 3. Nd2 Nf6 4. e5 Nfd7 5. Bd3 c5 6. c3 Nc6 7. Ne2 cxd4 8. cxd4
f6 9. exf6 Nxf6 10. O-O Bd6 11. Nf3 Qc7 12. g3 O-O 13. Bf4 Ng4 14. Bxd6 Qxd6
15. Nc3 e5 16. dxe5 Qh6 17. h4 Ngxe5 18. Ng5 Kh8 19. Be2 d4 20. Nd5 Bf5 21. f4
Nf7 22. Bd3 Bxd3 23. Qxd3 Nxg5 24. fxg5 Qd6 25. Nf4 Rae8 26. Rae1 Ne5 27. Qd1
d3 28. Kh2 d2 29. Re2 Ng4+ 30. Kg1 Rxe2 31. Qxe2 Qd4+ 32. Kh1 d1=Q 33. Rxd1
Qxd1+ 0-1

[Event "FIDE World Youth U16 Chess Olympiad SLOVAKIA 2016"]
[Site "Poprad Tatry SLOVAKIA"]
[Date "2016.07.25"]
[Round "5"]
[Board "1"]
[White "Chen, Richard"]
[Black "Lee, Qing Aun"]
[Result "1/2-1/2"]
[WhiteElo "2259"]
[BlackElo "2250"]
[PlyCount "64"]
[EventDate "2016.07.22"]
[EventType "team"]
[EventRounds "9"]
[EventCountry "SVK"]
[WhiteTeam "Canada"]
[BlackTeam "Singapore"]

1. e4 c5 2. Nf3 e6 3. d3 Nc6 4. g3 g6 5. Bg5 Qc7 6. Bg2 Bg7 7. c3 Nge7 8. h4 h6
9. Be3 b6 10. d4 cxd4 11. cxd4 Ba6 12. Qa4 Qb7 13. Nbd2 d5 14. e5 O-O 15. b4
Bd3 16. Qb3 Qa6 17. a4 Bc4 18. Qc3 Rac8 19. b5 Qa5 20. Qxa5 Nxa5 21. Ra3 Rfd8
22. Nxc4 dxc4 23. Nd2 Nd5 24. Bxd5 exd5 25. Rc3 Bf8 26. Ke2 Bb4 27. Rc2 c3 28.
Rb1 Ba3 29. Nb3 Bb2 30. Nxa5 bxa5 31. Bxh6 Rc4 32. Kd3 Rxa4 1/2-1/2

[Event "FIDE World Youth U16 Chess Olympiad SLOVAKIA 2016"]
[Site "Poprad Tatry SLOVAKIA"]
[Date "2016.07.25"]
[Round "5"]
[Board "2"]
[White "Woong, Zhi Wei William"]
[Black "Bellissimo, Joseph F."]
[Result "0-1"]
[WhiteElo "2008"]
[BlackElo "2100"]
[PlyCount "56"]
[EventDate "2016.07.22"]
[EventType "team"]
[EventRounds "9"]
[EventCountry "SVK"]
[WhiteTeam "Singapore"]
[BlackTeam "Canada"]

1. e4 e6 2. d4 d5 3. Nc3 Nf6 4. Bg5 dxe4 5. Nxe4 Be7 6. Bxf6 gxf6 7. Nf3 f5 8.
Nc3 a6 9. g3 b5 10. Bg2 Bb7 11. O-O Bf6 12. Re1 O-O 13. Ne2 c5 14. c3 cxd4 15.
Nfxd4 Bxg2 16. Kxg2 Qb6 17. Qd2 Nc6 18. Qe3 Ne5 19. Rad1 Nc4 20. Qc1 Rfd8 21.
b3 Ne5 22. Nf4 Qb7+ 23. Kh3 Ng4 24. Qc2 Rac8 25. f3 Rxd4 26. Rxd4 Qxf3 27. Rd2
Rxc3 28. Qd1 Qxf4 0-1

[Event "FIDE World Youth U16 Chess Olympiad SLOVAKIA 2016"]
[Site "Poprad Tatry SLOVAKIA"]
[Date "2016.07.25"]
[Round "5"]
[Board "3"]
[White "Song, Ziyuan (sam)"]
[Black "Lau, Ende Matthew"]
[Result "1/2-1/2"]
[WhiteElo "2049"]
[BlackElo "1880"]
[PlyCount "86"]
[EventDate "2016.07.22"]
[EventType "team"]
[EventRounds "9"]
[EventCountry "SVK"]
[WhiteTeam "Canada"]
[BlackTeam "Singapore"]

1. e4 c5 2. Nf3 g6 3. d4 cxd4 4. Qxd4 Nf6 5. Nc3 Nc6 6. Qa4 d6 7. e5 dxe5 8.
Nxe5 Qd4 9. Nxc6 Qxa4 10. Nxa4 bxc6 11. Be3 Bg7 12. O-O-O O-O 13. Bc4 Nd5 14.
Bc5 Re8 15. Rhe1 Be6 16. Bb3 Nf4 17. g3 Bxb3 18. axb3 Ne6 19. Ba3 Bf6 20. Nc5
Nd4 21. Nd7 Nf3 22. Nxf6+ exf6 23. Rxe8+ Rxe8 24. h4 g5 25. hxg5 fxg5 26. Bc5
a6 27. c4 h5 28. Rh1 h4 29. gxh4 gxh4 30. Rh3 Ne5 31. Be3 Ng6 32. Kd2 Kg7 33.
Bg5 f6 34. Bxh4 Rh8 35. Bxf6+ Kxf6 36. Rxh8 Nxh8 37. Kc3 Ke5 38. Kb4 Kd4 39.
Ka5 Kc5 40. Kxa6 Ng6 41. Kb7 Nf4 42. b4+ Kxc4 43. Kxc6 Kxb4 1/2-1/2

[Event "FIDE World Youth U16 Chess Olympiad SLOVAKIA 2016"]
[Site "Poprad Tatry SLOVAKIA"]
[Date "2016.07.25"]
[Round "5"]
[Board "4"]
[White "Lee, Jun Wei"]
[Black "Talukdar, Rohan"]
[Result "1-0"]
[WhiteElo "1856"]
[BlackElo "2051"]
[PlyCount "101"]
[EventDate "2016.07.22"]
[EventType "team"]
[EventRounds "9"]
[EventCountry "SVK"]
[WhiteTeam "Singapore"]
[BlackTeam "Canada"]

1. d4 Nf6 2. Bg5 Ne4 3. Bf4 c5 4. d5 Qb6 5. Nd2 Qxb2 6. Nxe4 Qb4+ 7. c3 Qxe4 8.
e3 g5 9. Bg3 Bg7 10. Rc1 d6 11. Nf3 Qg6 12. Bd3 Bf5 13. e4 Bd7 14. e5 Bf5 15.
Bxf5 Qxf5 16. exd6 exd6 17. Bxd6 Kd7 18. Bxc5 Re8+ 19. Be3 Na6 20. O-O Rac8 21.
Qb3 Rc7 22. Qb5+ Kd8 23. Bxg5+ Bf6 24. Bxf6+ Qxf6 25. Nd4 Re5 26. Rfd1 Kc8 27.
Nf3 Rc5 28. Qb3 Re4 29. c4 Rg4 30. Ne1 Qh4 31. g3 Qf6 32. Ng2 h5 33. Qe3 Kd7
34. Qe2 Rc8 35. Ne3 Rg5 36. Qd2 Nc5 37. Qd4 Qf3 38. Ng2 Rg4 39. Qe3 Qf6 40. Rc2
b6 41. Qa3 a5 42. Ne3 Rg6 43. Qb2 Qf3 44. Qb5+ Kc7 45. d6+ Kb7 46. Rd5 h4 47.
Rf5 Qe4 48. Rxf7+ Ka8 49. Qxb6 Nb7 50. Qa6+ Kb8 51. Rb2 1-0

[Event "FIDE World Youth U16 Chess Olympiad SLOVAKIA 2016"]
[Site "Poprad Tatry SLOVAKIA"]
[Date "2016.07.25"]
[Round "5"]
[Board "1"]
[White "Van Zyl-Rudd, Jack"]
[Black "Sahidi, Samir"]
[Result "0-1"]
[WhiteElo "1766"]
[BlackElo "2216"]
[PlyCount "84"]
[EventDate "2016.07.22"]
[EventType "team"]
[EventRounds "9"]
[EventCountry "SVK"]
[WhiteTeam "South Africa 2"]
[BlackTeam "Slovakia 2"]

1. d4 d5 2. c4 e6 3. Nc3 Nf6 4. cxd5 exd5 5. Bg5 c6 6. e3 Nbd7 7. Bd3 Be7 8.
Qc2 Nf8 9. Nge2 Ne6 10. Bh4 g6 11. O-O Ng7 12. f3 O-O 13. Rae1 Ne6 14. Kh1 c5
15. dxc5 Nxc5 16. Nf4 Be6 17. Bxf6 Bxf6 18. Ncxd5 Bxd5 19. Qxc5 Bxa2 20. Ra1
Qb6 21. Qa3 Bb3 22. Rac1 Rfe8 23. Be4 Rad8 24. Nd3 Rxe4 25. fxe4 Rxd3 26. Rxf6
Qxf6 27. Rc8+ Rd8 28. Rxd8+ Qxd8 29. Qxb3 b6 30. h3 Qd7 31. Qc3 a5 32. Qe5 Qe6
33. Qd4 h5 34. Qd8+ Kh7 35. e5 a4 36. Qd6 Qb3 37. Qd7 Kh6 38. Qe8 Kg7 39. Qd8
Qxb2 40. Qf6+ Kg8 41. Qd8+ Kh7 42. e6 Qa1+ 0-1

[Event "FIDE World Youth U16 Chess Olympiad SLOVAKIA 2016"]
[Site "Poprad Tatry SLOVAKIA"]
[Date "2016.07.25"]
[Round "5"]
[Board "2"]
[White "Haring, Filip"]
[Black "Van Der Lingen, Cornelis Petru"]
[Result "1-0"]
[WhiteElo "2155"]
[BlackElo "1772"]
[PlyCount "129"]
[EventDate "2016.07.22"]
[EventType "team"]
[EventRounds "9"]
[EventCountry "SVK"]
[WhiteTeam "Slovakia 2"]
[BlackTeam "South Africa 2"]

1. e4 e5 2. Nf3 Nc6 3. d4 exd4 4. Bc4 Bc5 5. c3 d6 6. cxd4 Bb6 7. h3 h6 8. O-O
Nge7 9. Nc3 O-O 10. Be3 Na5 11. Bd3 d5 12. Qd2 dxe4 13. Nxe4 Nf5 14. Rad1 Qe7
15. Rfe1 Nc6 16. Nc3 Nxe3 17. fxe3 Rd8 18. Bb1 Be6 19. Qc2 g6 20. Qe4 Qf8 21.
Nh4 Re8 22. Qf3 Rad8 23. Ne4 f5 24. Nc3 Qg7 25. Qg3 f4 26. exf4 Nxd4 27. Kh2 g5
28. Ng6 Bf5 29. Rxd4 Bxd4 30. Bxf5 gxf4 31. Rxe8+ Rxe8 32. Qxf4 c6 33. Ne4 Be5
34. Nxe5 Qxe5 35. Qxe5 Rxe5 36. g4 Rb5 37. Be6+ Kg7 38. Bb3 a5 39. Nd6 Rb4 40.
Nf5+ Kh7 41. Ne3 a4 42. Bc2+ Kg8 43. b3 axb3 44. Bxb3+ Kh7 45. Kg3 c5 46. Kf3
Kg6 47. h4 h5 48. Bc2+ Kf7 49. gxh5 Rxh4 50. Bg6+ Kg8 51. Ng4 Kg7 52. Kf4 Rh1
53. Kg5 Ra1 54. h6+ Kh8 55. Ne5 Rg1+ 56. Kf6 Rf1+ 57. Bf5 Rxf5+ 58. Kxf5 Kh7
59. Kg5 b5 60. Nd7 c4 61. Nf8+ Kg8 62. Kg6 c3 63. h7+ Kh8 64. Kh6 c2 65. Ng6#
 1-0

[Event "FIDE World Youth U16 Chess Olympiad SLOVAKIA 2016"]
[Site "Poprad Tatry SLOVAKIA"]
[Date "2016.07.25"]
[Round "5"]
[Board "3"]
[White "Marais, Daniel"]
[Black "Bango, Lukas"]
[Result "1/2-1/2"]
[WhiteElo "1771"]
[BlackElo "2109"]
[PlyCount "65"]
[EventDate "2016.07.22"]
[EventType "team"]
[EventRounds "9"]
[EventCountry "SVK"]
[WhiteTeam "South Africa 2"]
[BlackTeam "Slovakia 2"]

1. e4 c5 2. Nf3 d6 3. d4 cxd4 4. Nxd4 Nf6 5. Nc3 g6 6. Be3 Bg7 7. f3 O-O 8. Qd2
Nc6 9. O-O-O d5 10. Kb1 Nxd4 11. e5 Nf5 12. exf6 exf6 13. Bc5 d4 14. Bxf8 Qxf8
15. Nb5 Bh6 16. Qa5 Ne3 17. Rxd4 Bf5 18. Bd3 Bxd3 19. Rxd3 Nxg2 20. Rhd1 Kg7
21. Qc3 Bf4 22. Nd4 Be5 23. Qb3 Nf4 24. Qxb7 Rb8 25. Qd7 Nxd3 26. Rxd3 Qb4 27.
b3 Qe1+ 28. Kb2 Qf2 29. Kc1 Bf4+ 30. Kb2 Be5 31. Kc1 Bf4+ 32. Kb2 Be5 33. Kc1
 1/2-1/2

[Event "FIDE World Youth U16 Chess Olympiad SLOVAKIA 2016"]
[Site "Poprad Tatry SLOVAKIA"]
[Date "2016.07.25"]
[Round "5"]
[Board "4"]
[White "Tomcikova, Dominika"]
[Black "Surujhlal, Kayla"]
[Result "1/2-1/2"]
[WhiteElo "1877"]
[BlackElo "1352"]
[PlyCount "86"]
[EventDate "2016.07.22"]
[EventType "team"]
[EventRounds "9"]
[EventCountry "SVK"]
[WhiteTeam "Slovakia 2"]
[BlackTeam "South Africa 2"]

1. e4 c5 2. Nc3 d6 3. f4 Nc6 4. Bb5 Bd7 5. Bxc6 Bxc6 6. d3 Nf6 7. Nf3 g6 8. O-O
Bg7 9. Qe1 O-O 10. f5 Nd7 11. Qh4 e6 12. Qxd8 Raxd8 13. fxe6 fxe6 14. Bg5 Rde8
15. Nd1 b5 16. c3 Rf7 17. Nf2 h6 18. Bd2 Kh7 19. Ng4 Ref8 20. Rf2 Nf6 21. Nxf6+
Bxf6 22. Raf1 Kg7 23. Be3 a5 24. e5 Be7 25. Nd2 Rxf2 26. Bxf2 a4 27. Re1 d5 28.
a3 g5 29. c4 b4 30. cxd5 Bxd5 31. Nc4 Bxc4 32. dxc4 bxa3 33. bxa3 Rb8 34. Re3
Kg6 35. g4 Rd8 36. Rc3 Rb8 37. Kf1 Rd8 38. Ke2 h5 39. h3 h4 40. Rd3 Rxd3 41.
Kxd3 Bf8 42. Ke4 Be7 43. Be3 Bf8 1/2-1/2

[Event "FIDE World Youth U16 Chess Olympiad SLOVAKIA 2016"]
[Site "Poprad Tatry SLOVAKIA"]
[Date "2016.07.25"]
[Round "5"]
[Board "1"]
[White "Roshka, Yevgeniy"]
[Black "Lin, Pin-Chen (gary)"]
[Result "1-0"]
[WhiteElo "2271"]
[BlackElo "2077"]
[PlyCount "137"]
[EventDate "2016.07.22"]
[EventType "team"]
[EventRounds "9"]
[EventCountry "SVK"]
[WhiteTeam "Ukraine"]
[BlackTeam "Japan"]

1. e4 e6 2. d4 d5 3. e5 c5 4. dxc5 Nc6 5. Nf3 Bxc5 6. Bd3 f6 7. Qe2 fxe5 8.
Nxe5 Nf6 9. O-O O-O 10. Bf4 Ne4 11. Nxc6 bxc6 12. Be3 Bxe3 13. Qxe3 Nf6 14. Nd2
Qd6 15. Rae1 Bd7 16. Nf3 Ng4 17. Qg5 Rxf3 18. Qxg4 Rf6 19. Qg5 Raf8 20. Re3 Qf4
21. Qxf4 Rxf4 22. g3 Ra4 23. a3 Rb8 24. Rb1 c5 25. c3 c4 26. Bc2 Ra6 27. Re2
Rab6 28. f4 g6 29. Bd1 Kf7 30. Kg2 e5 31. fxe5 Bf5 32. Rf2 Ke6 33. Bc2 Bxc2 34.
Rxc2 Kxe5 35. Re1+ Kd6 36. Ree2 Rf8 37. Rcd2 Rb7 38. Rd4 Rfb8 39. Rdd2 Rf8 40.
Kh3 Rf5 41. Re8 Re7 42. Rd8+ Rd7 43. Rc8 Rc7 44. Rb8 Re7 45. Rb4 Kc6 46. a4 Re8
47. Rb5 Re7 48. Rb8 Kc7 49. Ra8 Kd6 50. a5 Kc6 51. a6 Kb6 52. Rd8 Kc6 53. Rb8
Rh5+ 54. Kg2 Rf5 55. Rb4 Rfe5 56. Rf2 Re2 57. Rb8 Rxf2+ 58. Kxf2 Kd6 59. h4 Ke6
60. Kf3 Ke5 61. Rb7 Kd6 62. Kf4 Re4+ 63. Kg5 Re7 64. Rxe7 Kxe7 65. Kh6 Kf8 66.
Kxh7 Kf7 67. g4 Kf6 68. Kg8 g5 69. h5 1-0

[Event "FIDE World Youth U16 Chess Olympiad SLOVAKIA 2016"]
[Site "Poprad Tatry SLOVAKIA"]
[Date "2016.07.25"]
[Round "5"]
[Board "2"]
[White "Hiebert, Kenji"]
[Black "Yurovskich, Oleksandr"]
[Result "0-1"]
[WhiteElo "1860"]
[BlackElo "2167"]
[PlyCount "100"]
[EventDate "2016.07.22"]
[EventType "team"]
[EventRounds "9"]
[EventCountry "SVK"]
[WhiteTeam "Japan"]
[BlackTeam "Ukraine"]

1. e4 g6 2. d4 Bg7 3. Nc3 d6 4. Be3 a6 5. a4 b6 6. Nf3 Bb7 7. Bd3 e6 8. O-O Ne7
9. Ne2 Nd7 10. Ng3 O-O 11. c3 h6 12. Qd2 Kh7 13. Rfe1 f5 14. h3 Qe8 15. Nh2 Qf7
16. f4 Nf6 17. exf5 gxf5 18. Bf2 d5 19. Nf3 Ne4 20. Qe3 Ng6 21. Ne2 Bf6 22. Ne5
Qg7 23. Kh2 h5 24. Rac1 Nxe5 25. dxe5 Be7 26. Nd4 Qh6 27. Rg1 c5 28. Nf3 Nxf2
29. Ng5+ Kg7 30. Qxf2 Bxg5 31. Qg3 h4 32. Qxg5+ Qxg5 33. fxg5 Kg6 34. g4 hxg3+
35. Rxg3 Rh8 36. Rg4 Bc6 37. Rcg1 c4 38. Bb1 Bxa4 39. h4 b5 40. Kg3 a5 41. Rd4
b4 42. Rf1 bxc3 43. bxc3 Bb3 44. Rf2 a4 45. Rdd2 a3 46. Kh3 Rhd8 47. Kg3 Ra4
48. Kh3 d4 49. Rxd4 Rxd4 50. cxd4 a2 0-1

[Event "FIDE World Youth U16 Chess Olympiad SLOVAKIA 2016"]
[Site "Poprad Tatry SLOVAKIA"]
[Date "2016.07.25"]
[Round "5"]
[Board "3"]
[White "Levitskiy, Andrey"]
[Black "Otawa, Yuto"]
[Result "1-0"]
[WhiteElo "2074"]
[BlackElo "1889"]
[PlyCount "89"]
[EventDate "2016.07.22"]
[EventType "team"]
[EventRounds "9"]
[EventCountry "SVK"]
[WhiteTeam "Ukraine"]
[BlackTeam "Japan"]

1. d4 Nf6 2. Nc3 d5 3. Bf4 c6 4. e3 Bf5 5. f3 e6 6. g4 Bg6 7. h4 h5 8. g5 Nfd7
9. Bd3 Bxd3 10. Qxd3 Nb6 11. Nge2 Bd6 12. e4 g6 13. a4 Na6 14. b3 Qe7 15. Bxd6
Qxd6 16. e5 Qd7 17. O-O Nc8 18. Ng3 Ne7 19. Nce2 c5 20. c3 Kf8 21. Qe3 Kg7 22.
dxc5 b6 23. cxb6 axb6 24. Nd4 Nc5 25. Rac1 Rhc8 26. Rfd1 Nc6 27. Nge2 Na5 28.
Rb1 Naxb3 29. Nxb3 Nxb3 30. Rxb3 Qxa4 31. Rdb1 Qxh4 32. Qf4 Qh3 33. Rxb6 Kg8
34. Rb7 Rf8 35. Kf2 Ra2 36. Rb8 Ra8 37. Rxf8+ Kxf8 38. Rb7 Qf5 39. Qxf5 gxf5
40. Kg3 Ra2 41. Nf4 Rc2 42. Rb3 Rc1 43. Nxh5 Rh1 44. Nf6 Kg7 45. Rb8 1-0

[Event "FIDE World Youth U16 Chess Olympiad SLOVAKIA 2016"]
[Site "Poprad Tatry SLOVAKIA"]
[Date "2016.07.25"]
[Round "5"]
[Board "4"]
[White "Hoshino, Karen"]
[Black "Krasnokutskaya, Sofiya"]
[Result "0-1"]
[WhiteElo "1818"]
[BlackElo "2138"]
[PlyCount "72"]
[EventDate "2016.07.22"]
[EventType "team"]
[EventRounds "9"]
[EventCountry "SVK"]
[WhiteTeam "Japan"]
[BlackTeam "Ukraine"]

1. d4 Nf6 2. c4 e6 3. Nc3 Bb4 4. e3 b6 5. Nge2 Ba6 6. a3 Be7 7. Ng3 d5 8. b3
O-O 9. Bd3 Bb7 10. O-O dxc4 11. bxc4 c5 12. Bb2 cxd4 13. exd4 Kh8 14. Nce2 Nc6
15. Rc1 Rc8 16. Re1 Na5 17. Nf1 Bd6 18. Ne3 Qe7 19. Nc3 Bf4 20. Ne2 Bd6 21. Nc3
Bf4 22. Ne2 Bxe3 23. fxe3 Ba6 24. Bc3 Qxa3 25. Ra1 Qe7 26. Qa4 Ng4 27. Nf4 Qh4
28. Nh3 Bxc4 29. Bxc4 Nxc4 30. Bb4 Rfe8 31. Rec1 Ngxe3 32. Be1 Qxd4 33. Bf2 Qg4
34. Bg3 Qe4 35. Ra2 Nd2 36. Qxe4 Rxc1+ 0-1